[Event "Tourn. n8253"]
[Site "www.chess-mail.com"]
[Date "2015.07.20"]
[Round "1"]
[White "Gatrooper"]
[Black "Culiflori"]
[WhiteElo "1200"]
[BlackElo "999"]
[Result "1-0"]
[Round "1"]
1.e4 e5
2.a3 Ng8f6
3.Nb1c3 Nb8c6
4.Ng1f3 Bf8c5
5.d3 d6
6.Bc1e3 Bc5xe3
7.fxe3 Bc8g4
8.Bf1e2 O-O
9.Nf3g5 Bg4xe2
10.Qd1xe2 h6
11.Ng5f3 Qd8d7
12.h3 a6
13.Nf3h4 Ra8d8
14.Nc3d5 Nf6xd5
15.Nh4f5 Nd5f6
16.Qe2f3 d5
17.Qf3g3 Nf6h5
18.Qg3g4 g6
19.Nf5xh6 Kg7
20.Nh6f5 Kh7
21.O-O-O Nh5g7
22.Qg4h4 Kg8
23.Nf5h6 Kh8
24.Nh6xf7 Kg8
25.Nf7xd8 Nc6xd8
26.Qh4h6 Kf7
27.Rh1f1 Ke8
28.Qh6xg6 Nd8f7
29.Qg6xg7 Qd7c6
30.Qg7g4 Ke7
31.Qg4h4 Kd7
32.Qh4h7 Ke7
33.Rd1d2 Ke8
34.Rd2f2 Qc6d7
35.Rf2xf7 Rf8xf7
36.Qh7g8 { resign }
1-0

[Event "Tourn. n8157"]
[Site "www.chess-mail.com"]
[Date "2015.07.20"]
[Round "1"]
[White "Terrible"]
[Black "Karousek"]
[WhiteElo "2280"]
[BlackElo "2280"]
[Result "1-0"]
[Round "1"]
1.d4 Ng8f6
2.Ng1f3 g6
3.c4 Bf8g7
4.Nb1c3 d6
5.g3 O-O
6.Bf1g2 c6
7.e4 Qd8a5
8.Bc1d2 Bc8g4
9.Nc3d5 Qa5d8
10.Nd5c3 Nb8d7
11.Qd1c2 Bg4xf3
12.Bg2xf3 e5
13.dxe5 Nd7xe5
14.Bf3e2 Qd8d7
15.f4 Ne5g4
16.h3 Ng4h6
17.g4 Nf6xe4
18.Qc2xe4 Rf8e8
19.Qe4f3 Qd7e7
20.Kf2 Bg7d4
21.Kf1 Qe7h4
22.Kg2 Re8e6
23.Be2d3 Ra8e8
24.Ra1d1 Re6e3
25.Bd2xe3 Re8xe3
26.Qf3f2 { resign }
1-0

[Event "Tourn. n8157"]
[Site "www.chess-mail.com"]
[Date "2015.07.20"]
[Round "1"]
[White "Comrade"]
[Black "Terrible"]
[WhiteElo "2130"]
[BlackElo "2280"]
[Result "0-1"]
[Round "1"]
1.c4 c5
2.Nb1c3 Nb8c6
3.e3 d6
4.d4 g6
5.dxc5 dxc5
6.Qd1xd8 Nc6xd8
7.Nc3d5 Nd8e6
8.Bc1d2 Ng8f6
9.Bd2c3 Bf8g7
10.Bf1e2 Nf6xd5
11.cxd5 Bg7xc3
12.bxc3 Ne6g7
13.Be2b5 Kf8
14.Ng1f3 Ng7f5
15.Bb5d3 Nf5d6
16.c4 Kg7
17.e4 Bc8g4
18.Nf3e5 Bg4c8
19.f4 f6
20.Ne5f3 Bc8g4
21.O-O b6
22.h3 Bg4d7
23.a4 Bd7c8
24.e5 Nd6b7
25.g4 h5
26.e6 hxg4
27.hxg4 Nb7d6
28.g5 Bc8a6
29.Rf1c1 Rh8h3
30.Kg2 Ra8h8
31.a5 b5
32.cxb5 Ba6xb5
33.Bd3xb5 Nd6e4
34.gxf6 Kxf6
35.Nf3g5 Rh3g3
36.Kf1 Rh8h1
37.Ke2 Rh1h2
38.Ke1 Rh2h1
39.Bb5f1 Rg3e3
40.Kd1 Rh1xf1
41.Kc2 Rf1f2
42.Kb1 Re3b3

0-1

[Event "Tourn. n8098"]
[Site "www.chess-mail.com"]
[Date "2015.07.20"]
[Round "1"]
[White "Tartan"]
[Black "Obisporey"]
[WhiteElo "2350"]
[BlackElo "2510"]
[Result "1/2-1/2"]
[Round "1"]
1.d4 d5
2.Ng1f3 Ng8f6
3.c4 e6
4.Bc1g5 Bf8b4
5.Nb1c3 Nb8d7
6.cxd5 exd5
7.e3 c5
8.Bf1d3 Qd8a5
9.Qd1c2 c4
10.Bd3f5 O-O
11.O-O Rf8e8
12.Nf3d2 g6
13.Bf5xd7 Nf6xd7
14.e4 Bb4xc3
15.Qc2xc3 Qa5xc3
16.bxc3 Nd7b6
17.exd5 Nb6xd5
18.Nd2xc4 Nd5xc3
19.Rf1e1 Re8xe1
20.Ra1xe1 Bc8e6
21.Nc4d6 Nc3xa2
22.Nd6xb7 a5
23.Nb7c5 a4
24.Re1a1 Na2c3
25.Ra1a3 Ra8b8
26.Ra3xc3 a3
27.f3 Rb8b1
28.Kf2 a2
29.Rc3a3 a1Q
30.Ra3xa1 Rb1xa1
31.Nc5e4 Ra1a2
32.Kg3 f5
33.Ne4c3 Ra2c2
34.d5 Rc2xc3
35.dxe6 Rc3c6
36.e7 Kf7
37.h4 Rc6c2
38.f4 Rc2b2
39.Kf3 Rb2b6
40.Ke3 Rb6b8
41.Kf3 Rb8h8
42.h5 gxh5
43.Ke3 Rh8g8
44.Kf3 h6
45.Bg5h4 Rg8g4
46.g3 Rg4g6
47.Ke3 Rg6d6
48.Ke2 Ke8
49.Ke3 Kf7
50.Ke2 Ke8
51.Ke3 Rd6d7
52.Bh4f6 Rd7d1
53.Bf6h4 Kd7
54.Ke2 Rd1d4
55.Ke3 Rd4d1
56.Ke2 Rd1d4
57.Ke3 Rd4a4
58.Kd3 Ra4b4
59.Ke3 Ke8
60.Kd2 Rb4d4
61.Kc2 Kd7
62.Kc3 Rd4e4
63.Kd3 Ke8
64.Kc3 Re4a4
65.Kd3 Ra4b4
66.Kc3 Rb4e4
{ draw }
1/2-1/2

[Event "Tourn. n8264"]
[Site "www.chess-mail.com"]
[Date "2015.07.20"]
[Round "1"]
[White "Nimzo"]
[Black "Jpmartinez"]
[WhiteElo "2720"]
[BlackElo "2590"]
[Result "1-0"]
[Round "1"]
1.d4 f5
2.g3 Ng8f6
3.Bf1g2 e6
4.Ng1f3 Bf8e7
5.c4 O-O
6.O-O d6
7.Nb1c3 Nf6e4
8.Nc3xe4 fxe4
9.Nf3e1 d5
10.f3 dxc4
11.Bc1e3 Nb8d7
12.fxe4 Rf8xf1
13.Kxf1 { resign }
1-0

[Event "Tourn. n8299"]
[Site "www.chess-mail.com"]
[Date "2015.07.20"]
[Round "1"]
[White "Amaya"]
[Black "Guidom"]
[WhiteElo "1920"]
[BlackElo "2070"]
[Result "0-1"]
[Round "1"]
1.d4 d5
2.e3 c6
3.f4 Ng8f6
4.Bf1d3 Bc8g4
5.Ng1f3 e6
6.Nb1d2 Nb8d7
7.O-O Bf8e7
8.Qd1e1 Qd8b6
9.Nf3e5 Bg4h5
10.Qe1g3 Bh5g6
11.Bd3xg6 hxg6
12.c3 c5
13.b3 Nd7xe5
14.fxe5 Nf6h5
15.Qg3f3 O-O
16.Ra1b1 cxd4
17.exd4 f5
18.exf6 gxf6
19.Qf3g4 Kh7
20.Rf1f3 f5
21.Qg4h3 Kg7
22.Rf3f2 Rf8h8
23.Qh3e3 Nh5f6
24.Nd2f3 Nf6g4
25.Qe3f4 Be7d6
26.Qf4g5 Ng4xf2
27.Kxf2 Rh8h5
28.Qg5e3 Ra8e8
29.Nf3e5 f4
30.Qe3e2 Bd6xe5
{ resign }
0-1

[Event "Tourn. n8164"]
[Site "www.chess-mail.com"]
[Date "2015.07.20"]
[Round "1"]
[White "Sunderland"]
[Black "Falcoale"]
[WhiteElo "1800"]
[BlackElo "1910"]
[Result "0-1"]
[Round "1"]
1.d4 Ng8f6
2.Ng1f3 e6
3.c4 b6
4.Nb1c3 Bc8b7
5.Bc1g5 h6
6.Bg5h4 Bf8e7
7.e3 O-O
8.Bf1e2 d5
9.O-O dxc4
10.Be2xc4 Nb8d7
11.Qd1e2 a6
12.Rf1d1 b5
13.Bc4d3 Be7d6
14.e4 g5
15.Bh4g3 Bd6e7
16.h3 Qd8c8
17.Nf3e5 Kg7
18.Ne5xd7 Nf6xd7
19.Ra1c1 Nd7f6
20.e5 Nf6d5
21.Nc3xd5 Bb7xd5
22.b3 Qc8b7
 { time }
0-1

[Event "Tourn. n8158"]
[Site "www.chess-mail.com"]
[Date "2015.07.20"]
[Round "1"]
[White "Oliverio"]
[Black "Duff"]
[WhiteElo "1610"]
[BlackElo "1850"]
[Result "1-0"]
[Round "1"]
1.d4 Ng8f6
2.Ng1f3 d5
3.Bc1g5 e6
4.e3 c5
5.c3 Nb8c6
6.Bf1e2 Bf8e7
7.O-O O-O
8.Nb1d2 Qd8b6
9.Qd1b3 h6
10.Bg5h4 Rf8e8
11.Qb3xb6 axb6
12.Be2d3 Bc8d7
13.a3 Nc6a5
14.Nf3e5 Re8d8
15.Ne5xd7 Rd8xd7
16.Nd2f3 Rd7d8
17.Nf3e5 Na5c6
18.f4 Rd8e8
19.Bh4xf6 Be7xf6
20.Ne5d7 Bf6d8
21.Nd7e5 Bd8c7
22.Bd3b5 Bc7xe5
23.fxe5 Re8c8
24.Rf1f2 Nc6a5
25.Ra1f1 Rc8c7
26.g4 Ra8f8
27.Kg2 Na5c6
28.h4 Nc6e7
29.Bb5d3 Rc7c8
30.Kg3 c4
31.Bd3c2 b5
32.g5 hxg5
33.hxg5 g6
34.Rf2h2 Kg7
35.Rf1h1 Rf8h8
36.Rh2h6 b6
37.Kf4  { time }
1-0

[Event "Tourn. n8264"]
[Site "www.chess-mail.com"]
[Date "2015.07.20"]
[Round "1"]
[White "Korto"]
[Black "Jpmartinez"]
[WhiteElo "2440"]
[BlackElo "2590"]
[Result "1-0"]
[Round "1"]
1.Ng1f3 f5
2.d4 Ng8f6
3.g3 e6
4.Bf1g2 Bf8e7
5.O-O O-O
6.c4 d6
7.Nb1c3 Nf6e4
8.Nc3xe4 fxe4
9.Nf3d2 d5
10.Nd2b1 Nb8c6
11.Nb1c3 b6
12.Qd1a4 Bc8b7
13.Bc1f4 Kh8
14.Ra1d1 { time. }
1-0

[Event "Tourn. n8082"]
[Site "www.chess-mail.com"]
[Date "2015.07.20"]
[Round "1"]
[White "Derik"]
[Black "Vinvangogh"]
[WhiteElo "1460"]
[BlackElo "1340"]
[Result "0-1"]
[Round "1"]
1.e4 e5
2.d3 d5
3.Nb1d2 Ng8f6
4.Ng1f3 Bf8c5
5.g3 O-O
6.Bf1g2 Nf6g4
7.O-O Nb8c6
8.Qd1e1 Nc6d4
9.h3 Nd4xc2
10.Qe1e2 Nc2xa1
11.b3 dxe4
12.Nd2c4 b6
13.Bc1g5 Bc5e7
14.Rf1xa1 Bc8b7
15.dxe4 Be7xg5
16.h4 Bg5e7
17.Ra1d1 Be7d6
18.Nf3g5 Ng4f6
19.g4 c5
20.Nc4xd6 Qd8c7
21.Qe2b5 Bb7c6
22.Qb5c4 Ra8d8
23.Qc4d3 Nf6xg4
24.f3 Rd8xd6
25.Qd3c4 Rd6xd1
26.Bg2f1 Qc7d7
27.fxg4 Qd7xg4
28.Kf2 Qg4xh4
29.Ke2 Qh4e1
30.Kf3 Qe1xf1
31.Qc4xf1 Rd1xf1
32.Ke3 Rf1e1
33.Kf2 Re1d1
34.Ke2 Rf8d8
35.Ng5f3 Bc6b5
36.Kf2 Rd1f1
37.Kg2 Bb5e2
38.Nf3xe5 Rd8d6
39.a3 Rd6f6
40.a4 Rf1f2
41.Kg1 Rf2f1
42.Kg2 Be2f3
43.Kxf1 Bf3xe4
44.Ke2 Rf6e6
45.Ne5c4 Be4d5
46.Nc4e3 f5
47.Kd3 f4
48.Ne3xd5 Re6d6
49.Kc4 g5
50.Nd5e7 Kg7
51.Ne7f5 Kf8
52.Nf5xd6 a6
53.Nd6e4 g4
54.Kd3 Kf7
55.Ke2 h5
56.Ne4g5 Kf6
57.Ng5h7 Kf5
58.Kf2 h4
59.Kg2 f3
60.Kf2 Kf4
61.Nh7f6 g3
62.Kg1 Ke3
63.Nf6g4 Ke2
{ resign }
0-1

[Event "Tourn. n8165"]
[Site "www.chess-mail.com"]
[Date "2015.07.20"]
[Round "1"]
[White "Cyrilgeorge"]
[Black "Oliverio"]
[WhiteElo "1429"]
[BlackElo "1640"]
[Result "0-1"]
[Round "1"]
1.e4 e5
2.d3 Nb8c6
3.c3 f5
4.exf5 Ng8f6
5.Bc1g5 d5
6.Bg5xf6 Qd8xf6
7.g4 h5
8.f3 g6
9.fxg6 hxg4
10.fxg4 Qf6h4
11.Kd2 Bf8h6
12.Kc2 Bc8xg4
13.Ng1f3 Qh4h5
14.Bf1e2 e4
15.dxe4 dxe4
16.Nf3d4 Nc6xd4
17.cxd4 Bg4xe2
18.Qd1e1 Be2d3
19.Kc3 Qh5d5
20.Nb1d2 O-O-O
21.Qe1g3 Qd5xd4
22.Kb3 Qd4b6
23.Kc3 Bh6g7
{ resign }
0-1

[Event "Tourn. n8277"]
[Site "www.chess-mail.com"]
[Date "2015.07.20"]
[Round "1"]
[White "Senitram"]
[Black "Cathar"]
[WhiteElo "2590"]
[BlackElo "2280"]
[Result "1-0"]
[Round "1"]
1.Ng1f3 Ng8f6
2.d4 e6
3.c4 d5
4.Nb1c3 Bf8b4
5.Qd1b3 a5
6.Bc1g5 Nb8c6
7.a3 a4
8.Qb3c2 Bb4xc3
9.Qc2xc3 h6
10.Bg5xf6 Qd8xf6
11.e3 O-O
12.Bf1d3 Rf8e8
13.O-O Bc8d7
14.Ra1c1 dxc4
15.Qc3xc4 Ra8c8
16.Qc4xa4 { resign }
1-0

[Event "Tourn. n8213"]
[Site "www.chess-mail.com"]
[Date "2015.07.20"]
[Round "1"]
[White "Asoka"]
[Black "Szustan"]
[WhiteElo "2610"]
[BlackElo "2620"]
[Result "1/2-1/2"]
[Round "1"]
1.c4 e5
2.Nb1c3 Ng8f6
3.Ng1f3 Nb8c6
4.e3 Bf8b4
5.d4 exd4
6.exd4 O-O
7.Bf1e2 d5
8.O-O Bc8f5
9.Rf1e1 Nf6e4
10.Be2d3 Bb4xc3
11.bxc3 Ne4xc3
12.Qd1d2 Nc3e4
13.Qd2f4 Nc6b4
14.Bd3b1 Bf5g6
15.a3 Nb4a6
16.Nf3e5 c6
17.cxd5 cxd5
18.Bb1d3 Na6c7
19.Ra1b1 Ra8b8
20.Qf4g4 Nc7e6
21.Ne5xg6 hxg6
22.Bc1e3 Ne4f6
23.Qg4d1 Qd8d6
24.a4 Rf8c8
25.f3 Rc8c3
26.Bd3f1 b6
27.Bf1a6 Rb8d8
28.Kh1 g5
29.Be3d2 Rc3c6
30.Ba6b5 Rc6c7
31.Bd2e3 g6
32.Be3f2 Nf6h5
33.Bb5f1 Nh5g7
34.a5 bxa5
35.Rb1b5 Qd6a3
36.Qd1a1 Qa3xa1
37.Re1xa1 Ng7f5
38.Rb5xa5 Nf5xd4
39.Ra1d1 Nd4f5
40.Rd1xd5 Rd8xd5
41.Ra5xd5 Rc7c1
42.Kg1 Rc1a1
43.Rd5e5 a5
44.Re5e1 Ra1a3
45.Bf1c4 Kg7
46.Bf2b6 a4
47.Re1c1 Nf5e3
48.Bc4xe6 fxe6
49.Bb6c5 Ra3d3
50.Kf2 { draw }
1/2-1/2

[Event "Tourn. n8233"]
[Site "www.chess-mail.com"]
[Date "2015.07.20"]
[Round "1"]
[White "Anja"]
[Black "Jasmartin"]
[WhiteElo "1750"]
[BlackElo "1690"]
[Result "0-1"]
[Round "1"]
1.d4 f5
2.Bc1f4 Ng8f6
3.Ng1f3 g6
4.c4 d6
5.Nb1c3 Bf8g7
6.e3 O-O
7.Bf1d3 e6
8.O-O Nb8c6
9.Nf3g5 a6
10.a3 b6
11.d5 exd5
12.cxd5 Nc6e7
13.Bd3c4 h6
14.Ng5f3 b5
15.Bc4e2 Rf8e8
 { time }
0-1

[Event "Tourn. n8189"]
[Site "www.chess-mail.com"]
[Date "2015.07.20"]
[Round "1"]
[White "Generalfree"]
[Black "Falcoale"]
[WhiteElo "1940"]
[BlackElo "1810"]
[Result "1/2-1/2"]
[Round "1"]
1.e4 c5
2.Ng1f3 e6
3.Bf1c4 Nb8c6
4.c3 d5
5.exd5 exd5
6.Bc4e2 Ng8f6
7.d4 c4
8.b3 cxb3
9.axb3 h6
10.Nf3e5 Bf8d6
11.Ne5xc6 bxc6
12.O-O O-O
13.Be2a6 Qd8c7
14.g3 Bc8g4
15.Ba6e2 Bg4h3
16.Rf1e1 Ra8d8
17.Bc1a3 Nf6e4
18.Be2f3 Ne4g5
19.Ba3xd6 Rd8xd6
20.Nb1d2 Ng5xf3
21.Nd2xf3 Bh3e6
22.Re1e2 Be6g4
23.Kg2 Rd6f6
24.Re2e3 Qc7d7
25.Nf3e5 Qd7c8
26.Ne5xg4 Rf6e6
27.Ra1xa7 Rf8e8
28.Ng4e5 f6
29.Ne5g4 h5
30.Re3xe6 Re8xe6
31.Ng4e3 Qc8b8
32.Ra7a6 Qb8e8
33.Qd1a1 Qe8g6
34.Kg1 Qg6g5
35.f4 Qg5g6
36.Kf2 Qg6d3
37.Qa1e1 Qd3xa6
38.f5 Re6e4
39.Qe1d1 Qa6a2
40.Ne3c2 Qa2xb3
41.Qd1d3 Qb3b1
42.c4 Qb1h1
43.Nc2e3 Qh1a1
44.cxd5 cxd5
45.Ne3xd5 Re4xd4
46.Qd3e3 Qa1b2
47.Kf3 Qb2a1
{ draw }
1/2-1/2

[Event "Tourn. n8197"]
[Site "www.chess-mail.com"]
[Date "2015.07.20"]
[Round "1"]
[White "Libiesse"]
[Black "Samael"]
[WhiteElo "1990"]
[BlackElo "2080"]
[Result "0-1"]
[Round "1"]
1.d4 d5
2.c4 e6
3.Ng1f3 Ng8f6
4.Nb1c3 Nb8c6
5.Bc1g5 Bf8e7
6.e3 dxc4
7.Bf1xc4 Nf6d5
8.Bg5xe7 Nd5xe7
9.O-O h6
10.a3 O-O
11.Qd1c2 a6
12.Rf1d1 Ne7d5
13.Ra1c1 Nd5xc3
14.Qc2xc3 Nc6a7
15.d5 Qd8e7
16.dxe6 fxe6
17.Nf3e5 Qe7f6
18.Ne5f3 Qf6xc3
19.Rc1xc3 Kh8
20.Nf3e5 Rf8e8
21.Rc3d3 b5
22.Bc4a2 Bc8b7
23.Rd3d7 Ra8c8
24.Ne5f7 Kg8
25.Nf7e5 Na7c6
26.Ne5f3 Nc6b8
27.Nf3h4 Nb8xd7
{ resign }
0-1

[Event "Tourn. n8013"]
[Site "www.chess-mail.com"]
[Date "2015.07.20"]
[Round "1"]
[White "Sontuozio"]
[Black "Bobjones"]
[WhiteElo "2190"]
[BlackElo "2210"]
[Result "0-1"]
[Round "1"]
1.d4 Ng8f6
2.Ng1f3 e6
3.e3 d5
4.Bf1d3 Bf8e7
5.Nb1d2 O-O
6.O-O c5
7.c3 Nb8d7
8.a3 b6
9.b4 Bc8b7
10.Qd1e2 h6
11.Bc1b2 Ra8c8
12.e4 dxe4
13.Nd2xe4 Nf6xe4
14.Bd3xe4 Bb7xe4
15.Qe2xe4 Nd7f6
16.Qe4b7 Rc8c7
17.Qb7a6 Qd8d7
18.Nf3e5 Qd7c8
19.Qa6d3 Rf8d8
20.Ra1c1 Qc8b7
21.Qd3f3 Qb7xf3
22.Ne5xf3 Nf6d5
23.g3 Rd8c8
24.h4 g5
25.hxg5 hxg5
26.Kg2 g4
27.Nf3e5 Nd5f6
28.b5 Be7d6
29.Rf1h1 cxd4
30.cxd4 Bd6xe5
31.dxe5 Nf6d5
32.Rc1xc7 Rc8xc7
33.Rh1c1 Rc7xc1
34.Bb2xc1 Nd5c3
35.f4 Nc3xb5
36.Bc1b2 Kf8
37.Kf2 Nb5c7
38.Ke3 Nc7e8
39.Kd4 Ke7
40.Kc4 Kd7
41.Bb2c3 Kc6
42.Bc3b4 Ne8g7
43.a4 Ng7f5
44.Bb4e1 Nf5e3
45.Kb3 Kd5
46.Be1f2 Ke4
47.Kb4 Kf3
48.Bf2g1 Ne3d5
49.Kb5 Kxg3
50.Ka6 Kxf4
51.Kxa7 Kxe5
52.Bg1xb6 Nd5xb6
53.a5 g3
54.axb6 g2
55.b7 g1Q
56.Ka8 Qg1a1
57.Kb8 Kd6
58.Kc8 Qa1h8

0-1

[Event "Tourn. n8211"]
[Site "www.chess-mail.com"]
[Date "2015.07.20"]
[Round "1"]
[White "Azulmarino"]
[Black "Neo"]
[WhiteElo "1560"]
[BlackElo "1670"]
[Result "0-1"]
[Round "1"]
1.e4 e5
2.Ng1f3 Nb8c6
3.Bf1c4 d6
4.d4 Bc8g4
5.Bc4e2 exd4
6.Nf3xd4 Bg4xe2
7.Nd4xe2 Qd8d7
8.Ne2g1 Ng8f6
9.Nb1c3 O-O-O
10.Ng1f3 Kb8
11.Bc1e3 g6
12.Qd1d2 Bf8g7
13.O-O-O Nf6h5
14.Nc3d5 Rh8e8
15.Be3g5 Rd8c8
16.g4 Qd7xg4
17.Qd2e2 Re8xe4
18.Qe2d3 Nc6e5
19.Nf3xe5 Re4xe5
20.Bg5e3 Qg4f3
21.Qd3d4 b6
22.Nd5c3 f5
23.Qd4a4 f4
24.Nc3b5 a5
25.Nb5d4 Qf3h3
26.Nd4c6 Kb7
27.Nc6xe5 Bg7xe5
28.Qa4b5 Qh3f3
29.Be3xb6 cxb6
30.Qb5d7 Rc8c7
31.Qd7b5 Qf3xf2
32.Rd1d2 Qf2f3
33.Rh1d1 Rc7c5
34.Qb5d7 Rc5c7
35.Qd7b5 Qf3e3
36.Kb1 Nh5f6
37.Rd2d3 Qe3e4
38.Rd3xd6 Be5xd6
39.Rd1xd6 Qe4e1
{ resign }
0-1

[Event "Tourn. n8216"]
[Site "www.chess-mail.com"]
[Date "2015.07.20"]
[Round "1"]
[White "Ulysse21"]
[Black "Groz"]
[WhiteElo "2179"]
[BlackElo "2000"]
[Result "1-0"]
[Round "1"]
1.d4 d6
2.c4 g6
3.e4 Bf8g7
4.Nb1c3 f5
5.g3 c6
6.Bf1g2 fxe4
7.Nc3xe4 Ng8f6
8.Ng1e2 O-O
9.O-O Nb8a6
10.Ne2c3 Qd8e8
11.h3 Qe8f7
12.Qd1e2 Nf6xe4
13.Qe2xe4 Bc8f5
14.Qe4e2 e5
15.d5 c5
16.Kh2 Na6b4
17.Nc3e4 Bf5xe4
18.Bg2xe4 Nb4a6
19.Bc1d2 Na6c7
{ time. }
1-0

[Event "Tourn. n8180"]
[Site "www.chess-mail.com"]
[Date "2015.07.20"]
[Round "1"]
[White "Powerchess"]
[Black "Tomcapp"]
[WhiteElo "1460"]
[BlackElo "1500"]
[Result "0-1"]
[Round "1"]
1.d4 d5
2.Bc1f4 Bc8f5
3.e3 Nb8c6
4.Bf1b5 Ng8f6
5.Ng1f3 a6
6.Bb5xc6 bxc6
7.Nb1d2 e6
8.Nf3e5 Bf8d6
9.Ne5xc6 Qd8c8
10.O-O Nf6g4
11.Bf4xd6 cxd6
12.Nc6b4 e5
13.h3 Ng4f6
14.Ra1c1 e4
15.c4 dxc4
16.Rc1xc4 Qc8e6
17.Qd1c2 Nf6h5
18.d5 Qe6g6
19.Kh1 O-O
20.Rc4c6 a5
{ resign }
0-1

[Event "Tourn. n8225"]
[Site "www.chess-mail.com"]
[Date "2015.07.20"]
[Round "1"]
[White "Thurgau"]
[Black "Numanoid"]
[WhiteElo "2690"]
[BlackElo "2590"]
[Result "1-0"]
[Round "1"]
1.e4 d6
2.d4 Ng8f6
3.Nb1c3 g6
4.Ng1f3 Bf8g7
5.Bf1e2 O-O
6.O-O Nb8c6
7.d5 Nc6b8
8.h3 e5
9.Bc1e3 Nb8d7
10.Nf3d2 a5
11.a3 Nf6e8
12.Qd1e1 f5
13.exf5 gxf5
14.f4 e4
15.Nd2b3 Nd7b6
16.Ra1d1 Ne8f6
17.Be3xb6 cxb6
18.Nb3d4 Kh8
19.Qe1f2 Qd8e7
20.Nd4b5 Rf8g8
21.Qf2xb6 Nf6e8
22.Kh1 Bg7f6
23.Rf1g1 Bc8d7
24.Nb5d4 Ra8c8
25.Qb6xa5 Rg8g3
26.Qa5b4 Qe7g7
{ time. }
1-0

[Event "Tourn. n8225"]
[Site "www.chess-mail.com"]
[Date "2015.07.20"]
[Round "1"]
[White "Thurgau"]
[Black "Nimzo"]
[WhiteElo "2690"]
[BlackElo "2720"]
[Result "0-1"]
[Round "1"]
1.e4 e6
2.d4 d5
3.Nb1c3 Ng8f6
4.Bc1g5 dxe4
5.Nc3xe4 Bf8e7
6.Bg5xf6 gxf6
7.Ng1f3 f5
8.Ne4c3 a6
9.Qd1e2 b5
10.O-O-O b4
11.Nc3a4 Qd8d5
12.c4 Qd5a5
13.b3 Bc8d7
14.Nf3e5 Bd7xa4
15.bxa4 Nb8d7
16.Ne5xd7 Kxd7
17.d5 Ra8d8
18.dxe6 Kc8
19.Rd1d5 Qa5xa4
20.Kb1 c6
21.Rd5d3 Rd8xd3
22.Qe2xd3 Rh8d8
23.Qd3b3 Qa4xb3
24.axb3 fxe6
25.Kc2 Be7c5
26.f3 Rd8g8
27.g3 h5
28.Bf1e2 Kc7
29.Rh1e1 a5
 { time }
0-1

[Event "Tourn. n8225"]
[Site "www.chess-mail.com"]
[Date "2015.07.20"]
[Round "1"]
[White "Sonivano"]
[Black "Thurgau"]
[WhiteElo "2320"]
[BlackElo "2690"]
[Result "0-1"]
[Round "1"]
1.e4 c5
2.Ng1f3 d6
3.d4 cxd4
4.Nf3xd4 Ng8f6
5.Nb1c3 a6
6.Bf1d3 e5
7.Nd4f3 Bf8e7
8.O-O O-O
9.Bc1g5 Bc8e6
10.Qd1d2 Nb8d7
11.Ra1d1 h6
12.Bg5h4 Ra8c8
13.Rf1e1 Qd8b6
14.Nc3d5 Be6xd5
15.exd5 Qb6xb2
16.Rd1b1 Qb2xa2
17.Rb1xb7 e4
18.c4 Qa2xd2
19.Nf3xd2 exd3
20.Re1xe7 Nd7c5
21.Rb7a7 Nf6e4
{ resign }
0-1

[Event "Tourn. n8225"]
[Site "www.chess-mail.com"]
[Date "2015.07.20"]
[Round "1"]
[White "Seger"]
[Black "Thurgau"]
[WhiteElo "2680"]
[BlackElo "2690"]
[Result "1-0"]
[Round "1"]
1.d4 Ng8f6
2.c4 e6
3.g3 d5
4.Bf1g2 Bf8e7
5.Ng1f3 O-O
6.O-O dxc4
7.Nf3e5 Nb8c6
8.Bg2xc6 bxc6
9.Ne5xc6 Qd8e8
10.Nc6xe7 Qe8xe7
11.Qd1a4 a5
12.Nb1c3 Qe7b4
13.Qa4c2 h6
14.e4 Rf8d8
15.Rf1d1 Bc8b7
16.Bc1e3 a4
17.Ra1b1 Nf6e8
18.f3 f5
19.Qc2e2 Ne8d6
20.a3 Qb4b3
21.Be3f4 Rd8d7
22.Bf4xd6 Rd7xd6
23.Rd1d2 Ra8f8
24.Rb1d1 Rf8c8
25.Kg2 Rc8f8
26.Rd1f1 Kh7
27.Qe2e3 Kg8
28.Rf1f2 Kh7
29.Qe3e1  { time }
1-0

[Event "Tourn. n8222"]
[Site "www.chess-mail.com"]
[Date "2015.07.20"]
[Round "1"]
[White "Bigrezi"]
[Black "Swampcat"]
[WhiteElo "1760"]
[BlackElo "1600"]
[Result "1-0"]
[Round "1"]
1.e4 e6
2.d4 d5
3.e5 c5
4.f4 Nb8c6
5.Ng1f3 Bc8d7
6.c4 Ng8h6
7.Nb1c3 dxc4
8.Bf1xc4 Nh6f5
9.d5 exd5
10.Bc4xd5 f6
11.Bd5xc6 Bd7xc6
12.Qd1e2  { time }
1-0

[Event "Tourn. n8222"]
[Site "www.chess-mail.com"]
[Date "2015.07.20"]
[Round "1"]
[White "Swampcat"]
[Black "Cyrilgeorge"]
[WhiteElo "1600"]
[BlackElo "1760"]
[Result "0-1"]
[Round "1"]
1.e4 e5
2.Ng1f3 f6
3.d4 d5
4.dxe5 dxe4
5.Qd1xd8 Kxd8
6.Nf3d2 f5
7.Nb1c3 Bf8b4
8.Bf1c4 Bb4xc3
9.bxc3 Ng8e7
10.Bc1a3 Nb8c6
11.O-O Rh8e8
12.Bc4f7 Re8f8
13.Bf7h5 Nc6xe5
14.f4 Ne5g6
 { time }
0-1

[Event "Tourn. n8068"]
[Site "www.chess-mail.com"]
[Date "2015.07.20"]
[Round "1"]
[White "Falcoale"]
[Black "Colchester"]
[WhiteElo "1810"]
[BlackElo "1830"]
[Result "1-0"]
[Round "1"]
1.e4 b6
2.d4 Bc8b7
3.Nb1c3 e6
4.Ng1f3 g6
5.Bf1d3 Bf8g7
6.Bc1e3 Ng8e7
7.Qd1d2 d5
8.e5 a6
9.O-O Nb8d7
10.Nc3e2 c5
11.c3 cxd4
12.cxd4 O-O
13.Be3h6 b5
14.Bh6xg7 Kxg7
15.Ne2g3 h6
16.h3 Ra8c8
17.Ra1c1 Nd7b6
18.b3 Qd8d7
19.Nf3h2 Rc8xc1
20.Qd2xc1 Rf8c8
21.Qc1e3 Rc8c3
22.Ng3e2 Rc3c7
23.Nh2g4 g5
24.Ng4f6 Qd7d8
25.Qe3f3 Ne7g6
26.Ne2g3 Ng6f4
27.Ng3h5 Nf4xh5
28.Qf3xh5 Nb6d7
29.Nf6g4 Qd8h8
30.f4 gxf4
31.Rf1xf4 Nd7b6
32.Rf4f6 Rc7e7
33.Rf6xh6 { resign }
1-0

[Event "Tourn. n8144"]
[Site "www.chess-mail.com"]
[Date "2015.07.20"]
[Round "1"]
[White "4knights"]
[Black "Dominiquer"]
[WhiteElo "1780"]
[BlackElo "1830"]
[Result "1-0"]
[Round "1"]
1.d4 d5
2.c4 e6
3.Nb1c3 Ng8f6
4.Bc1f4 Nb8d7
5.Ng1f3 c6
6.Qd1c2 Bf8b4
7.e3 h6
8.a3 Bb4e7
9.Bf1d3 O-O
10.O-O b6
11.cxd5 cxd5
12.Ra1d1 Bc8b7
13.Rd1c1 Ra8c8
14.h3 a6
15.a4 Be7b4
16.Qc2e2 Nf6e4
17.Nc3a2 Qd8e7
18.Rf1d1 Nd7f6
19.Nf3e5 Bb4d6
20.Bd3xa6 Bd6xe5
21.dxe5 Bb7xa6
22.Qe2xa6 Nf6d7
23.Rc1xc8 Qe7h4
24.Rd1f1 g5
25.Rc8xf8 Nd7xf8
26.Bf4g3 Ne4xg3
27.fxg3 Qh4xg3
28.Qa6xb6 Qg3xe5
29.a5 d4
30.Qb6xd4 Qe5xa5
31.Qd4f6 Qa5a7
32.Qf6xh6 Qa7xe3
33.Kh1 f5
34.h4 Nf8h7
35.Qh6g6 Kh8
36.Rf1d1 { resign }
1-0

[Event "Tourn. n7995"]
[Site "www.chess-mail.com"]
[Date "2015.07.20"]
[Round "1"]
[White "Emmanuelasi"]
[Black "Wwgia"]
[WhiteElo "2150"]
[BlackElo "2140"]
[Result "0-1"]
[Round "1"]
1.e4 c5
2.d4 cxd4
3.c3 d3
4.c4 d6
5.Bf1xd3 Nb8c6
6.h3 g6
7.Ng1f3 Bf8g7
8.O-O Ng8f6
9.Nb1c3 O-O
10.Bc1e3 Bc8e6
11.Qd1d2 Qd8a5
12.Ra1c1 Rf8c8
13.b3 a6
14.Be3h6 Nc6e5
15.Bd3e2 Ra8b8
16.Rf1d1 b5
17.Nf3xe5 dxe5
18.cxb5 axb5
19.Nc3d5 Qa5xd2
20.Nd5xf6 Bg7xf6
21.Rc1xc8 Rb8xc8
22.Rd1xd2 b4
23.Kh2 Bf6h8
24.Be2b5 f6
25.Bb5d7 Be6xd7
26.Rd2xd7 Kf7
27.Bh6d2 Ke6
28.Rd7b7 Rc8c2
29.Bd2xb4 f5
30.Rb7xe7 Kf6
31.Re7e8 Bh8g7
32.Bb4d6 Rc2xa2
33.Re8xe5 fxe4
34.Re5xe4 Ra2xf2
35.Re4e3 Bg7h6
36.Re3d3 Bh6f4
37.Bd6xf4 Rf2xf4
38.Rd3d6 Ke5
39.Rd6d7 Rf4b4
40.Rd7xh7 Rb4xb3
41.Rh7f7 Ke6
42.Rf7f2 Rb3c3
43.h4 Ke7
44.g3 Rc3b3
45.Kh3 Rb3b4
46.Rf2f3 Ke6
47.g4 Rb4b5
48.g5 Rb5b4
49.Rf3f6 Ke7
50.Rf6xg6 Kf7
51.Rg6f6 Kg7
52.Kg3 Kh7
53.Rf6f4 Rb4b5
54.Kg4 Rb5a5
55.Kh5 Ra5a6
56.Rf4f7 Kg8
57.g6 Ra6b6
58.Kh6 { time. }
0-1

[Event "Tourn. n7995"]
[Site "www.chess-mail.com"]
[Date "2015.07.20"]
[Round "1"]
[White "Syd"]
[Black "Emmanuelasi"]
[WhiteElo "2240"]
[BlackElo "2150"]
[Result "0-1"]
[Round "1"]
1.e4 Nb8c6
2.d4 e5
3.Ng1f3 exd4
4.Nf3xd4 Bf8c5
5.c3 Qd8f6
6.Bc1e3 Ng8e7
7.Bf1c4 d6
8.O-O Qf6g6
9.Bc4d3 Nc6e5
10.Bd3c2 Bc8h3
11.g3 Bh3xf1
12.Qd1xf1 Qg6h5
13.Bc2d1 Qh5g6
14.f4 Qg6xe4
15.fxe5 Qe4xe3
16.Kg2 Qe3xe5
17.Bd1f3 c6
18.Nd4b3 Ne7f5
19.Qf1d3 O-O
20.Nb1d2 Rf8e8
21.Nd2c4 Nf5e3
22.Nc4xe3 Qe5xe3
23.Nb3xc5 Qe3xc5
24.Ra1f1 Re8e3
25.Qd3d2 Ra8e8
26.Rf1f2 Re3e1
27.Qd2f4 Qc5e5
28.Qf4g4 a5
29.Qg4d7 Qe5e7
30.Qd7f5 Re1e5
31.Qf5f4 d5
32.Qf4a4 Qe7c7
33.Qa4d4 b5
34.b4 axb4
35.Qd4xb4 g6
36.Qb4c5 Qc7d7
37.Qc5d4 Qd7d6
38.Qd4b6 h5
39.h4 Re5e1
40.Qb6a7 Re8e7
41.Qa7a6 Re1c1
 { time }
0-1

[Event "Tourn. n8025"]
[Site "www.chess-mail.com"]
[Date "2015.07.20"]
[Round "1"]
[White "Samael"]
[Black "Blackpool"]
[WhiteElo "2090"]
[BlackElo "1880"]
[Result "1-0"]
[Round "1"]
1.c4 e5
2.d3 Nb8c6
3.Ng1f3 Ng8f6
4.Nb1c3 Bf8b4
5.Bc1d2 d6
6.e3 O-O
7.Bf1e2 Nc6e7
8.O-O Ne7g6
9.a3 Bb4xc3
10.Bd2xc3 Rf8e8
11.Nf3d2 c5
12.Ra1b1 b6
13.h3 Bc8b7
14.Be2f3 Bb7xf3
15.Nd2xf3 Qd8c7
16.Nf3h2 Ra8d8
17.Nh2g4 Nf6xg4
18.Qd1xg4 Qc7d7
19.Qg4xd7 Rd8xd7
20.Rb1e1 d5
21.b3 f6
22.a4 dxc4
23.dxc4 Re8d8
24.Re1c1 Kf7
25.Rf1e1 Ke6
26.Kf1 Kf7
27.Ke2 Ke6
28.Re1d1 Rd7xd1
29.Rc1xd1 Rd8xd1
30.Kxd1 Ng6e7
31.Ke2 g6
32.g4 f5
33.f3 fxg4
34.fxg4 g5
35.a5 Ne7g6
36.axb6 axb6
37.b4 h6
38.bxc5 bxc5
39.Bc3a5 Kd7
40.Kf3 Kd6
41.Ba5d8 Kd7
42.Bd8f6 Ke6
43.Bf6g7 { resign }
1-0